The Shakespearean Stage 1574-1642

Na minha lista:
Detalhes bibliográficos
Autor principal: Gurr, Andrew
Formato: Livro
Idioma:English
Publicado em: Londres, Inglaterra Cambridge University Press 1970
Assuntos:
Tags: Adicionar Tag
Sem tags, seja o primeiro a adicionar uma tag!

MARC

LEADER 00000nam a2200000Ia 4500
008 170316s9999 xx 000 0 eng d
040 |a cru BVZT 
090 |a 820 G-14s 
100 |a Gurr, Andrew 
245 4 |a The Shakespearean Stage 1574-1642 
260 |a Londres, Inglaterra 
260 |b Cambridge University Press 
260 |c 1970 
300 |a 192 páginas 
650 |a LITERATURA INGLESA 
650 |a CRÍTICA 
942 |c 15 D 
999 |c 12896  |d 12896